|
|
|
|
| LEADER |
01203nam a2200289 a 4500 |
| 001 |
3944 |
| 003 |
BD-DhAAL |
| 005 |
20150325103216.0 |
| 008 |
150325s1991 nyu b 001 0 eng |
| 010 |
|
|
|a 90019419
|
| 020 |
|
|
|a 047152543X
|
| 040 |
|
|
|a DLC
|c DLC
|d DLC
|d BD-DhAAL
|
| 050 |
0 |
0 |
|a RJ505.P6
|b O26 1991
|
| 082 |
0 |
0 |
|a 615.8/5153/082
|2 20
|
| 100 |
1 |
|
|a O'Connor, Kevin J.
|9 10149
|
| 245 |
1 |
4 |
|a The play therapy primer :
|b an integration of theories and techniques /
|c Kevin John O'Connor.
|
| 260 |
|
|
|a New York :
|b Wiley,
|c c1991.
|
| 300 |
|
|
|a xii, 371 p. ;
|c 25 cm.
|
| 490 |
|
|
|a Wiley series on personality processes
|
| 500 |
|
|
|a "A Wiley-Interscience publication."
|
| 504 |
|
|
|a Includes bibliographical references (p. 346-355) and indexes.
|
| 541 |
|
|
|e 3944
|
| 650 |
|
0 |
|a Play therapy.
|9 10150
|
| 942 |
|
|
|2 ddc
|c BK
|
| 999 |
|
|
|c 34165
|d 34165
|
| 952 |
|
|
|0 0
|1 0
|2 ddc
|4 0
|6 615_851530820000000_OCO
|7 0
|9 53306
|a SCL
|b SCL
|c GEN
|d 2015-03-25
|e Gift: The Asia Foundation
|l 0
|o 615.85153082 OCO
|p 3020003944
|r 2015-03-25
|t 1
|w 2015-03-25
|y BK
|
| 952 |
|
|
|0 0
|1 0
|2 ddc
|4 0
|6 615_851530820000000_OCO
|7 0
|9 53307
|a SCL
|b SCL
|c GEN
|d 2015-03-25
|e Gift: The Asia Foundation
|l 0
|o 615.85153082 OCO
|p 3020003925
|r 2015-03-25
|t 2
|w 2015-03-25
|y BK
|